[Event "Junior Online 4NCL Division 5"]
[Site "online"]
[Date "2020.04.16"]
[Round "1.106"]
[White "Sreenivas, Rohit"]
[Black "Wood, Gabriel"]
[Result "0-1"]
[WhiteElo "850"]
[BlackElo "1345"]
[PlyCount "78"]
[EventDate "2020.04.16"]
[WhiteTeam "Leicestershire Juniors 6"]
[BlackTeam "Hull and Friends 2"]

1. e4 e5 2. Qh5 Nf6 3. Qxe5+ Be7 4. Qg3 Nc6 5. Qxg7 Rf8 6. Qg3 Nxe4 7. Qf3 Nf6
8. Qd1 d5 9. d3 Be6 10. c4 dxc4 11. dxc4 Qxd1+ 12. Kxd1 O-O-O+ 13. Bd2 Ne4 14.
f3 Nf2+ 15. Ke1 Nxh1 16. Nh3 Bf6 17. g4 Bxb2 18. Bc3 Bxa1 19. Bxa1 Rd7 20. Bg2
Rfd8 21. Nc3 Bxc4 22. Bxh1 Rd2 23. Nf2 R2d6 24. Nfe4 Re6 25. f4 Bd3 26. f5 Ree8
27. Kd2 Bxe4+ 28. Ke3 Bxh1+ 29. Kf4 Re1 30. Bb2 Rd2 31. Kg5 Rxb2 32. f6 Rxh2
33. Nd5 Re5+ 34. Kf4 Rxd5 35. g5 Rh4+ 36. Kg3 Rc4 37. g6 hxg6 38. Kh2 Rd2+ 39.
Kxh1 Rc1# 0-1

[Event "Junior Online 4NCL Division 5"]
[Site "online"]
[Date "2020.04.16"]
[Round "1.107"]
[White "Luckhurst, Isaac"]
[Black "Kadir, Karo"]
[Result "1/2-1/2"]
[WhiteElo "1075"]
[BlackElo "850"]
[PlyCount "188"]
[EventDate "2020.04.16"]
[WhiteTeam "Hull and Friends 2"]
[BlackTeam "Leicestershire Juniors 6"]

1. e4 e5 2. Nf3 Nc6 3. d4 exd4 4. c3 dxc3 5. Nxc3 Nf6 6. e5 Ng4 7. Bg5 Be7 8.
Bf4 Bg5 9. Bxg5 Ne7 10. h3 Nh6 11. Nd5 O-O 12. Bxe7 Qe8 13. Bc4 Kh8 14. O-O Rg8
15. g4 d6 16. exd6 cxd6 17. Qd3 g6 18. Qd4+ Rg7 19. Bf6 Kg8 20. Qd1 Be6 21. Nc7
Qc8 22. Qxd6 Bxc4 23. Rfe1 Kh8 24. Re8+ Qxe8 25. Nxe8 Rxe8 26. Qd7 Re6 27. Qd8+
Ng8 28. Qd4 Rxf6 29. Qxc4 Rxf3 30. Re1 Nf6 31. Qc8+ Rg8 32. Qxb7 Rxh3 33. Kg2
Rh4 34. Kg3 Rxg4+ 35. Kf3 h5 36. Qxf7 Nh7 37. b4 h4 38. Kxg4 g5 39. Rh1 a6 40.
f4 gxf4+ 41. Kf3 Ng5+ 42. Kxf4 Nxf7 43. Rxh4+ Kg7 44. Kf5 Rh8 45. Rg4+ Kf8 46.
Ke6 Rh6+ 47. Kd7 Rd6+ 48. Kc7 Ke7 49. Re4+ Kf6 50. Rf4+ Ke6 51. Re4+ Ne5 52. a4
Kd5 53. Rh4 Rc6+ 54. Kd8 Rc4 55. Rh6 Rxb4 56. Rxa6 Nc6+ 57. Kd7 Rb7+ 58. Ke8
Ke6 59. Rxc6+ Kd5 60. Rh6 Ra7 61. Rh4 Kc5 62. Kf8 Ra8+ 63. Kf7 Kd5 64. Kf6 Kd6
65. Kf5 Kd5 66. Kf6 Kd6 67. Kg5 Rg8+ 68. Kf5 Rf8+ 69. Kg5 Rg8+ 70. Kf5 Rf8+ 71.
Kg5 Ke5 72. Rh2 Rg8+ 73. Kh4 Kf4 74. Rf2+ Ke3 75. Rf6 Rh8+ 76. Kg4 Ke4 77. Kg3
Ke3 78. a5 Rg8+ 79. Kh4 Ra8 80. Re6+ Kf4 81. Rf6+ Ke5 82. Rf1 Rxa5 83. Re1+ Kf6
84. Rf1+ Ke5 85. Re1+ Kd4 86. Rd1+ Ke3 87. Re1+ Kd2 88. Re4 Ra1 89. Rd4+ Kc3
90. Rd6 Rh1+ 91. Kg4 Rg1+ 92. Kh4 Rh1+ 93. Kg4 Rg1+ 94. Kh4 Rh1+ 1/2-1/2

[Event "Junior Online 4NCL Division 5"]
[Site "online"]
[Date "2020.04.16"]
[Round "1.108"]
[White "Harper, Lauren"]
[Black "Device, Trinity"]
[Result "0-1"]
[WhiteElo "767"]
[BlackElo "932"]
[PlyCount "72"]
[EventDate "2020.04.16"]
[WhiteTeam "Leicestershire Juniors 6"]
[BlackTeam "Hull and Friends 2"]

1. e4 e5 2. Nf3 Nf6 3. Nc3 Nc6 4. Bb5 Na5 5. O-O Bb4 6. Na4 a6 7. a3 Qe7 8.
axb4 b6 9. d3 axb5 10. Bg5 Qxb4 11. Qc1 bxa4 12. Bxf6 gxf6 13. b3 axb3 14. cxb3
Rb8 15. Qa3 Qc3 16. h3 Qxd3 17. Rab1 Nxb3 18. Rxb3 Qxe4 19. Qa7 Rb7 20. Qa8 Kd8
21. Re3 Qc4 22. Qa3 d5 23. Qa4 Qxa4 24. Rfe1 Qb4 25. g3 h5 26. Rd3 Qxe1+ 27.
Kg2 Qb1 28. Rxd5+ Ke7 29. Rd3 Qxd3 30. h4 Rg8 31. Ne1 Qd5+ 32. Nf3 Ra7 33. Kg1
Ra1+ 34. Kg2 Qc4 35. Kh2 Qf1 36. Ng1 Qxg1# 0-1

[Event "Junior Online 4NCL Division 5"]
[Site "online"]
[Date "2020.04.16"]
[Round "1.113"]
[White "Santhosh, Alwis Joe"]
[Black "Tumurugoti, Vaed"]
[Result "1-0"]
[WhiteElo "1217"]
[BlackElo "865"]
[PlyCount "93"]
[EventDate "2020.04.16"]
[WhiteTeam "Ojays F"]
[BlackTeam "Friar Tucks"]

1. e4 c5 2. Nf3 b6 3. c3 Bb7 4. Qc2 Qc7 5. Bd3 Nf6 6. b3 Na6 7. Bb2 Qc6 8. Na3
d5 9. exd5 Nxd5 10. Bb5 O-O-O 11. Bxc6 Bxc6 12. O-O-O Ndc7 13. Qf5+ e6 14. Qxf7
Rd7 15. Qh5 g6 16. Qe5 Rg7 17. Qe1 Bd6 18. c4 Nb4 19. Bxg7 Nxa2+ 20. Kb2 Nb4
21. Qe2 Re8 22. Bc3 Nba6 23. d4 e5 24. d5 e4 25. Nd2 e3 26. fxe3 Bd7 27. Nf3 h5
28. Qc2 Bf5 29. Qe2 Re5 30. Bxe5 Bxe5+ 31. Nxe5 Be4 32. Nxg6 Nb4 33. Ne7+ Kb7
34. Rhe1 b5 35. Nxb5 Ne6 36. Nd6+ Kb6 37. Nxe4 Nf4 38. Qf1 Nbd3+ 39. Rxd3 Nxd3+
40. Qxd3 a6 41. d6 Kb7 42. Nxc5+ Kb6 43. Nxa6 Kxa6 44. d7 Ka5 45. d8=R Kb4 46.
Rb8+ Kc5 47. Qd5# 1-0

[Event "Junior Online 4NCL Division 5"]
[Site "online"]
[Date "2020.04.16"]
[Round "1.114"]
[White "Golding, Daniel"]
[Black "Rivera Machens, Rafael"]
[Result "0-1"]
[WhiteElo "700"]
[BlackElo "1067"]
[PlyCount "66"]
[EventDate "2020.04.16"]
[WhiteTeam "Friar Tucks"]
[BlackTeam "Ojays F"]

1. e4 e5 2. Bc4 Nf6 3. d3 Bc5 4. Nc3 O-O 5. Nf3 Re8 6. Bg5 c6 7. Bxf6 Qxf6 8.
O-O Rd8 9. d4 Bxd4 10. Ne2 Bxb2 11. Rb1 Ba3 12. Rb3 Bc5 13. Ng3 d5 14. Nh5 Qd6
15. Be2 dxe4 16. Rd3 exd3 17. Bxd3 g6 18. Ng3 Re8 19. Nh4 Rd8 20. Ne4 Qd5 21.
Nxc5 Qxc5 22. Nf3 e4 23. Bxe4 Rxd1 24. Rxd1 Bg4 25. Ng5 Bxd1 26. Nf3 Bxf3 27.
gxf3 Qg5+ 28. Kh1 Nd7 29. h3 Nc5 30. Bd3 Nxd3 31. h4 Qxh4+ 32. Kg2 Nf4+ 33. Kf1
Qh1# 0-1

[Event "Junior Online 4NCL Division 5"]
[Site "online"]
[Date "2020.04.16"]
[Round "1.115"]
[White "Pitts, Hannah"]
[Black "Webb, Tom"]
[Result "0-1"]
[WhiteElo "1037"]
[BlackElo "1285"]
[PlyCount "68"]
[EventDate "2020.04.16"]
[WhiteTeam "Friar Tucks"]
[BlackTeam "Ojays F"]

1. e4 e5 2. Nf3 Nc6 3. Bc4 Bc5 4. d4 Bxd4 5. Nxd4 Nxd4 6. c3 Nc6 7. Qf3 Nf6 8.
Qd1 d6 9. Bg5 O-O 10. Bd5 h6 11. Bxf6 Qxf6 12. Bxc6 bxc6 13. Nd2 Qg6 14. Rg1
Bg4 15. Nf3 Qxe4+ 16. Qe2 Bxf3 17. gxf3 Qxe2+ 18. Kxe2 Rfe8 19. Ke3 d5 20. f4
exf4+ 21. Kxf4 Rab8 22. Rg2 Rxb2 23. a3 Rc2 24. Rag1 g6 25. Ra1 Rxc3 26. Rgg1
Rc4+ 27. Kg3 d4 28. Rge1 Rd8 29. Kf4 d3+ 30. Ke5 d2 31. Red1 Re8+ 32. Kf6 Rd4
33. Rxd2 Rxd2 34. f4 Rd6# 0-1

[Event "Junior Online 4NCL Division 5"]
[Site "online"]
[Date "2020.04.16"]
[Round "1.117"]
[White "Tumurugoti, Vaed"]
[Black "Santhosh, Alwis Joe"]
[Result "0-1"]
[WhiteElo "865"]
[BlackElo "1217"]
[PlyCount "60"]
[EventDate "2020.04.16"]
[WhiteTeam "Friar Tucks"]
[BlackTeam "Ojays F"]

1. g3 e5 2. Bg2 Nf6 3. Nf3 Nc6 4. Nc3 d5 5. d4 e4 6. Ng5 h6 7. Nh3 Bd7 8. Bf4
Qc8 9. f3 Bxh3 10. O-O Bd6 11. Rc1 Bxf4 12. gxf4 Nh5 13. fxe4 Bxg2 14. Rf2 Bxe4
15. e3 Bg6 16. Nxd5 Qd7 17. Qf3 O-O 18. e4 Rfe8 19. Re1 Nxd4 20. Qd3 Nc6 21.
Rfe2 Rad8 22. Qe3 Rxe4 23. Qf3 Nd4 24. Qd3 Nxe2+ 25. Kf1 Rxf4+ 26. Kxe2 Bxd3+
27. Kxd3 Qxd5+ 28. Kc3 Rc4+ 29. Kb3 Qb5+ 30. Ka3 Ra4# 0-1

[Event "Junior Online 4NCL Division 5"]
[Site "online"]
[Date "2020.04.16"]
[Round "1.118"]
[White "Rivera Machens, Rafael"]
[Black "Golding, Daniel"]
[Result "1-0"]
[WhiteElo "1067"]
[BlackElo "700"]
[PlyCount "25"]
[EventDate "2020.04.16"]
[WhiteTeam "Ojays F"]
[BlackTeam "Friar Tucks"]

1. e4 e5 2. Nf3 Nc6 3. Bc4 Bc5 4. c3 d6 5. d4 exd4 6. cxd4 Bxd4 7. Nxd4 Nxd4 8.
Qxd4 c5 9. Qxg7 Qa5+ 10. Bd2 Qb6 11. Qxf7+ Kd8 12. Bg5+ Ne7 13. Qxe7# 1-0

[Event "Junior Online 4NCL Division 5"]
[Site "online"]
[Date "2020.04.16"]
[Round "1.121"]
[White "Menakaya, Leon"]
[Black "Munshi, Aryan"]
[Result "0-1"]
[WhiteElo "865"]
[BlackElo "1427"]
[PlyCount "44"]
[EventDate "2020.04.16"]
[WhiteTeam "Watford 5"]
[BlackTeam "Phones Junior A"]

1. e4 e5 2. Nf3 Nc6 3. Bb5 Nf6 4. Nc3 d6 5. O-O Be7 6. Nd5 a6 7. Nxf6+ Bxf6 8.
Bxc6+ bxc6 9. h3 O-O 10. d3 Be6 11. Bg5 Bxg5 12. Nxg5 Qxg5 13. Re1 Bxh3 14. Kf1
Qxg2+ 15. Ke2 Bg4+ 16. Kd2 Bxd1 17. Rexd1 Qxf2+ 18. Kc1 f5 19. exf5 Rxf5 20.
Kb1 Rb8 21. Rc1 Qf1 22. Rxf1 Rxf1# 0-1

[Event "Junior Online 4NCL Division 5"]
[Site "online"]
[Date "2020.04.16"]
[Round "1.122"]
[White "Sharan, Kartike"]
[Black "Mehta, Devina"]
[Result "1-0"]
[WhiteElo "1140"]
[BlackElo "887"]
[PlyCount "55"]
[EventDate "2020.04.16"]
[WhiteTeam "Phones Junior A"]
[BlackTeam "Watford 5"]

1. e4 e5 2. Nf3 Nc6 3. Bc4 Qf6 4. d3 d6 5. Bg5 Qg6 6. h4 h5 7. Nc3 f6 8. Be3
Bd7 9. g3 O-O-O 10. Nb5 a6 11. Nc3 Nge7 12. d4 Na5 13. Bb3 Nxb3 14. axb3 exd4
15. Qxd4 Nc6 16. Qc4 Kb8 17. Nd4 Nxd4 18. Qxd4 b6 19. Rxa6 f5 20. Nd5 Bc8 21.
Rxb6+ cxb6 22. Qxb6+ Bb7 23. Qxd8+ Bc8 24. Qb6+ Bb7 25. Qc7+ Ka8 26. Nb6+ Ka7
27. Nc8+ Ka6 28. Qb6# 1-0

[Event "Junior Online 4NCL Division 5"]
[Site "online"]
[Date "2020.04.16"]
[Round "1.123"]
[White "Manoj Kumar, Arth"]
[Black "Vadalia, Jainill"]
[Result "0-1"]
[WhiteElo "700"]
[BlackElo "1123"]
[PlyCount "142"]
[EventDate "2020.04.16"]
[WhiteTeam "Watford 5"]
[BlackTeam "Phones Junior A"]

1. e4 b6 2. Nf3 Bb7 3. Bb5 Bxe4 4. d3 Bb7 5. Bg5 h6 6. Bh4 a6 7. Bc4 b5 8. Bb3
Nf6 9. Ne5 e6 10. O-O Be7 11. Bxf6 Bxf6 12. d4 d6 13. Ng4 Nd7 14. d5 e5 15.
Nxf6+ Nxf6 16. Re1 O-O 17. c4 b4 18. Bc2 Re8 19. Qd3 e4 20. Qg3 Qd7 21. Re3 Qg4
22. Qxg4 Nxg4 23. Rg3 Nf6 24. Nd2 Re7 25. Re1 Rae8 26. Rge3 Bc8 27. Bxe4 Nxe4
28. Nxe4 Kf8 29. Kf1 Bf5 30. f3 Bxe4 31. Rxe4 Rxe4 32. Rxe4 Rxe4 33. fxe4 Ke7
34. e5 dxe5 35. d6+ cxd6 36. a4 bxa3 37. bxa3 Ke6 38. Ke1 d5 39. c5 d4 40. Kd2
Kd5 41. c6 Kxc6 42. Kd3 Kd5 43. Kc2 Kc4 44. Kd2 e4 45. a4 e3+ 46. Ke2 Kc3 47.
Kf3 Kd2 48. Ke4 e2 49. Kxd4 e1=Q 50. Kc5 Qe4 51. g4 Kc3 52. h4 Qd4+ 53. Kc6 Kc4
54. Kb7 Qd6 55. g5 Kc5 56. gxh6 gxh6 57. h5 Qc6+ 58. Ka7 Qd7+ 59. Kxa6 Qxa4+
60. Kb7 Qb5+ 61. Kc7 Qb6+ 62. Kd7 Qd6+ 63. Ke8 f5 64. Kf7 Kd5 65. Kg7 Ke5 66.
Kh7 Qe6 67. Kg7 Qf6+ 68. Kh7 Qf7+ 69. Kh8 Qe7 70. Kg8 Kf6 71. Kh8 Qg7# 0-1

[Event "Junior Online 4NCL Division 5"]
[Site "online"]
[Date "2020.04.16"]
[Round "1.124"]
[White "Lukhi, Neev"]
[Black "Bamania, Prayaan"]
[Result "1-0"]
[WhiteElo "969"]
[BlackElo "700"]
[PlyCount "59"]
[EventDate "2020.04.16"]
[WhiteTeam "Phones Junior A"]
[BlackTeam "Watford 5"]

1. d4 d5 2. c4 dxc4 3. e3 Nf6 4. Bxc4 e5 5. Nf3 exd4 6. exd4 Nc6 7. Nc3 Qe7+ 8.
Qe2 Ne4 9. Qxe4 Nb4 10. Qxe7+ Bxe7 11. O-O Nc2 12. Rb1 Nb4 13. a3 O-O 14. axb4
Bxb4 15. Ne2 Bf5 16. Ra1 a5 17. Ng3 c5 18. Nxf5 cxd4 19. N5xd4 a4 20. Bd2 Bxd2
21. Nxd2 Rfc8 22. Rac1 Rd8 23. N2f3 Rd6 24. Rfe1 a3 25. bxa3 Rda6 26. Bxa6 bxa6
27. Re7 a5 28. Rce1 a4 29. Re8+ Rxe8 30. Rxe8# 1-0

[Event "Junior Online 4NCL Division 5"]
[Site "online"]
[Date "2020.04.16"]
[Round "1.125"]
[White "Munshi, Aryan"]
[Black "Menakaya, Leon"]
[Result "1-0"]
[WhiteElo "1427"]
[BlackElo "865"]
[PlyCount "101"]
[EventDate "2020.04.16"]
[WhiteTeam "Phones Junior A"]
[BlackTeam "Watford 5"]

1. d4 c5 2. c3 cxd4 3. cxd4 d5 4. Nc3 Nf6 5. Nf3 Nc6 6. Bf4 Bg4 7. e3 Bxf3 8.
Qxf3 e6 9. Bb5 Bb4 10. O-O O-O 11. Bg5 h6 12. Bxf6 Qxf6 13. Qxf6 gxf6 14. Rac1
Ne7 15. a3 Bxc3 16. Rxc3 Ng6 17. Bd3 Rfc8 18. Rfc1 Rd8 19. g3 b6 20. Bxg6 fxg6
21. Rc6 Kf7 22. Kg2 Ke7 23. Rc7+ Rd7 24. Kf3 Rxc7 25. Rxc7+ Kd6 26. Rc2 e5 27.
dxe5+ Kxe5 28. Ke2 Re8 29. Rc3 d4 30. Rb3 dxe3 31. Rxe3+ Kd6 32. Rxe8 Kc6 33.
Re6+ Kb5 34. Rxf6 a5 35. Rxg6 Ka4 36. Rxh6 Kb3 37. Rxb6+ Ka2 38. h4 a4 39. Kd2
Ka1 40. h5 Ka2 41. h6 Ka1 42. h7 Ka2 43. h8=Q Ka1 44. Qh1+ Ka2 45. Qd5+ Ka1 46.
g4 Kb1 47. g5 Ka1 48. g6 Kb1 49. g7 Ka1 50. g8=Q Kb1 51. Qa2# 1-0

[Event "Junior Online 4NCL Division 5"]
[Site "online"]
[Date "2020.04.16"]
[Round "1.126"]
[White "Mehta, Devina"]
[Black "Sharan, Kartike"]
[Result "0-1"]
[WhiteElo "887"]
[BlackElo "1140"]
[PlyCount "44"]
[EventDate "2020.04.16"]
[WhiteTeam "Watford 5"]
[BlackTeam "Phones Junior A"]

1. e4 e5 2. Nf3 Nc6 3. Nc3 Nf6 4. d4 exd4 5. Nxd4 Bc5 6. Nxc6 bxc6 7. Bc4 d6 8.
Be2 O-O 9. O-O Re8 10. Bc4 Nxe4 11. Nxe4 Rxe4 12. Bd3 Re8 13. Qh5 h6 14. Bc4
Be6 15. Bxe6 Rxe6 16. Qg4 Rg6 17. Qf3 Qd7 18. h3 Rf6 19. Qe2 Rg6 20. b3 Qxh3
21. Qf3 Qxf3 22. Re1 Qxg2# 0-1

[Event "Junior Online 4NCL Division 5"]
[Site "online"]
[Date "2020.04.16"]
[Round "1.127"]
[White "Vadalia, Jainill"]
[Black "Manoj Kumar, Arth"]
[Result "1-0"]
[WhiteElo "1123"]
[BlackElo "700"]
[PlyCount "25"]
[EventDate "2020.04.16"]
[WhiteTeam "Phones Junior A"]
[BlackTeam "Watford 5"]

1. d4 d5 2. c4 e6 3. Nf3 dxc4 4. e3 e5 5. Nxe5 Nf6 6. Bxc4 b5 7. Bxb5+ c6 8.
Bc4 Ng4 9. Nxg4 Bxg4 10. Qxg4 Bb4+ 11. Nc3 h5 12. Qf4 Nd7 13. Qxf7# 1-0

[Event "Junior Online 4NCL Division 5"]
[Site "online"]
[Date "2020.04.16"]
[Round "1.128"]
[White "Bamania, Prayaan"]
[Black "Lukhi, Neev"]
[Result "0-1"]
[WhiteElo "700"]
[BlackElo "969"]
[PlyCount "36"]
[EventDate "2020.04.16"]
[WhiteTeam "Watford 5"]
[BlackTeam "Phones Junior A"]

1. d4 Nf6 2. Nc3 d5 3. Nf3 Nc6 4. e4 dxe4 5. Nd2 e6 6. Ndxe4 Bb4 7. Bg5 Qxd4 8.
Bd3 Nxe4 9. Bxe4 Bxc3+ 10. bxc3 Qxe4+ 11. Be3 Qxg2 12. Rf1 Qxh2 13. c4 O-O 14.
Rc1 Rd8 15. Bd2 Qe5+ 16. Be3 Rxd1+ 17. Rxd1 h6 18. f4 Qxe3# 0-1

[Event "Junior Online 4NCL Division 5"]
[Site "online"]
[Date "2020.04.16"]
[Round "1.131"]
[White "Shahameeran, Ashika"]
[Black "Winser, Frederick"]
[Result "1-0"]
[WhiteElo "1319"]
[BlackElo "947"]
[PlyCount "43"]
[EventDate "2020.04.16"]
[WhiteTeam "St John's College B"]
[BlackTeam "Manchester Juniors C"]

1. e4 e5 2. Nf3 Nc6 3. Nc3 Bd6 4. Be2 Nf6 5. O-O O-O 6. d3 Bc5 7. Nxe5 Nxe5 8.
d4 Bxd4 9. Qxd4 Nc6 10. Qd3 Re8 11. Bg5 Nb4 12. Qd2 d6 13. a3 Nc6 14. Rfe1 Be6
15. Bb5 a6 16. Bxc6 bxc6 17. Qd3 d5 18. e5 Qb8 19. exf6 gxf6 20. Bxf6 Qxb2 21.
Qg3+ Kf8 22. Qg7# 1-0

[Event "Junior Online 4NCL Division 5"]
[Site "online"]
[Date "2020.04.16"]
[Round "1.132"]
[White "Bogdanovic-Brewer, Stanislav"]
[Black "Lee, Krishna"]
[Result "0-1"]
[WhiteElo "940"]
[BlackElo "1148"]
[PlyCount "60"]
[EventDate "2020.04.16"]
[WhiteTeam "Manchester Juniors C"]
[BlackTeam "St John's College B"]

1. e4 e5 2. Nf3 Nc6 3. Bb5 a6 4. Bxc6 bxc6 5. O-O Bc5 6. Nc3 d6 7. Na4 Ba7 8.
d3 Bg4 9. Bg5 Nf6 10. Bh4 d5 11. exd5 cxd5 12. Re1 Qd6 13. Bg5 e4 14. Nc3 Bxf3
15. gxf3 O-O 16. Ne2 exf3 17. Bf4 fxe2 18. Qc1 Qe7 19. Qd2 Rfe8 20. Rxe2 Qxe2
21. Qxe2 Rxe2 22. Bxc7 Rxc2 23. Ba5 Bxf2+ 24. Kf1 Rxb2 25. Bc3 Rc2 26. Bd4 Bxd4
27. Ke1 Bxa1 28. Kd1 Rxh2 29. Ke1 Rb8 30. Kf1 Rb1# 0-1

[Event "Junior Online 4NCL Division 5"]
[Site "online"]
[Date "2020.04.16"]
[Round "1.133"]
[White "Sequeira, Robert"]
[Black "Parker, James"]
[Result "1-0"]
[WhiteElo "1074"]
[BlackElo "887"]
[PlyCount "71"]
[EventDate "2020.04.16"]
[WhiteTeam "St John's College B"]
[BlackTeam "Manchester Juniors C"]

1. e4 e5 2. Nf3 Nc6 3. Nc3 Nf6 4. d4 Bb4 5. d5 Ne7 6. Bd3 O-O 7. O-O d6 8. a3
Ba5 9. Be3 Bg4 10. h3 Bh5 11. Re1 c6 12. dxc6 bxc6 13. b4 Bb6 14. Bxb6 axb6 15.
Ne2 c5 16. bxc5 bxc5 17. Nc3 h6 18. Nb5 Nc6 19. c4 Qa5 20. Nxd6 Qa7 21. Nb5 Qe7
22. Nc3 Rab8 23. Be2 Rb3 24. Qxb3 Na5 25. Qc2 Bg6 26. Bd3 Nb7 27. a4 Qd8 28.
Nxe5 Nd6 29. Nf3 Nh5 30. Ne5 Bh7 31. Nf3 f6 32. Nd5 Ne8 33. Qc3 Bg6 34. a5 Bf7
35. Rab1 Nf4 36. Nxf4 1-0

[Event "Junior Online 4NCL Division 5"]
[Site "online"]
[Date "2020.04.16"]
[Round "1.134"]
[White "Pickett, George"]
[Black "Doddi, Sammy"]
[Result "0-1"]
[WhiteElo "775"]
[BlackElo "1070"]
[PlyCount "126"]
[EventDate "2020.04.16"]
[WhiteTeam "Manchester Juniors C"]
[BlackTeam "St John's College B"]

1. e4 e5 2. Bc4 Nf6 3. Nc3 Nc6 4. Nf3 d6 5. O-O Bg4 6. h3 Bh5 7. d3 Be7 8. Be3
O-O 9. a3 a6 10. Qe1 Bxf3 11. gxf3 b5 12. f4 bxc4 13. f3 cxd3 14. cxd3 Rb8 15.
Qg3 Nh5 16. Qg2 Nxf4 17. Qg3 Rxb2 18. h4 Re2 19. Bf2 Rc2 20. Na4 Ne2+ 21. Kg2
Nxg3 22. Rac1 Rxc1 23. Rxc1 Ne2 24. Rxc6 Nd4 25. Rxa6 Qd7 26. Bxd4 exd4 27. Nb2
h6 28. a4 Rb8 29. Nd1 Bxh4 30. a5 Qa4 31. Nb2 Qc2+ 32. Kh3 Qxb2 33. Kxh4 Qf2+
34. Kg4 Qg2+ 35. Kf4 g5+ 36. Kf5 Rb5+ 37. Kf6 Qxf3+ 38. Ke7 Qxd3 39. Ra8+ Kg7
40. Rf8 Qxe4+ 41. Kd7 Qe6+ 42. Kxc7 Rxa5 43. Rb8 Ra7+ 44. Kb6 Qb3+ 45. Kxa7
Qa3+ 46. Kb7 d3 47. Kc7 d2 48. Rb1 Qa4 49. Rg1 d1=Q 50. Rxd1 Qxd1 51. Kd7 Qe2
52. Kxd6 Kf6 53. Kd7 Qe7+ 54. Kc6 Qd8 55. Kc5 Ke5 56. Kc4 Ke4 57. Kc5 Qd5+ 58.
Kb4 Qc6 59. Kb3 Kd3 60. Kb4 Qc4+ 61. Ka5 Qb3 62. Ka6 Kc4 63. Ka5 Qb5# 0-1

[Event "Junior Online 4NCL Division 5"]
[Site "online"]
[Date "2020.04.16"]
[Round "1.135"]
[White "Winser, Frederick"]
[Black "Shahameeran, Ashika"]
[Result "1-0"]
[WhiteElo "947"]
[BlackElo "1319"]
[PlyCount "51"]
[EventDate "2020.04.16"]
[WhiteTeam "Manchester Juniors C"]
[BlackTeam "St John's College B"]

1. e4 e5 2. Nf3 Nc6 3. Nc3 Nf6 4. d4 exd4 5. Nxd4 Bb4 6. Nxc6 bxc6 7. Bd2 O-O
8. Bd3 d5 9. e5 Ng4 10. O-O Nxe5 11. Qh5 Nxd3 12. cxd3 d4 13. Na4 Bxd2 14. Rfd1
Bf4 15. Nc5 Bd6 16. Ne4 f5 17. Nxd6 Qxd6 18. Re1 Bb7 19. Re2 h6 20. Rae1 c5 21.
Re6 Qd5 22. f3 a5 23. b3 Kh7 24. Qg6+ Kg8 25. R1e5 Qd7 26. Re7 1-0

[Event "Junior Online 4NCL Division 5"]
[Site "online"]
[Date "2020.04.16"]
[Round "1.136"]
[White "Lee, Krishna"]
[Black "Bogdanovic-Brewer, Stanislav"]
[Result "1-0"]
[WhiteElo "1148"]
[BlackElo "940"]
[PlyCount "73"]
[EventDate "2020.04.16"]
[WhiteTeam "St John's College B"]
[BlackTeam "Manchester Juniors C"]

1. e4 e5 2. Nf3 Nf6 3. Nc3 Nc6 4. Bc4 Bc5 5. h3 O-O 6. O-O Bb4 7. a3 Bc5 8. d3
Bd4 9. Bg5 Qe8 10. Nxd4 exd4 11. Nb5 Nh5 12. Nxc7 Qe5 13. Nxa8 Qxg5 14. Re1 Nf4
15. Qg4 Qe5 16. Bd5 h5 17. Qf5 g6 18. Qxe5 Nxe5 19. Nc7 d6 20. Nb5 a6 21. Nxd6
Bd7 22. c3 dxc3 23. bxc3 Nfxd3 24. Re3 Nb2 25. Rb1 Na4 26. Rxb7 Nc5 27. Rc7 Nb3
28. c4 Nd2 29. c5 Ba4 30. f4 Nec4 31. Nxc4 Nxc4 32. Bxc4 Rd8 33. Bxf7+ Kf8 34.
Rg3 Rd1+ 35. Kh2 Rd4 36. Rxg6 Rxe4 37. Rg8# 1-0

[Event "Junior Online 4NCL Division 5"]
[Site "online"]
[Date "2020.04.16"]
[Round "1.137"]
[White "Parker, James"]
[Black "Sequeira, Robert"]
[Result "0-1"]
[WhiteElo "887"]
[BlackElo "1074"]
[PlyCount "108"]
[EventDate "2020.04.16"]
[WhiteTeam "Manchester Juniors C"]
[BlackTeam "St John's College B"]

1. e4 e5 2. Nf3 Nc6 3. Bb5 Nf6 4. Nc3 a6 5. Ba4 d6 6. O-O Be7 7. d3 O-O 8. Bg5
h6 9. Bh4 b5 10. Bb3 Bb7 11. a3 Nd4 12. Nxd4 exd4 13. Ne2 c5 14. a4 b4 15. c3
bxc3 16. bxc3 dxc3 17. Nxc3 Bc6 18. h3 Qc7 19. Bg3 Qb7 20. Qe2 Qxb3 21. Rac1
Qb7 22. a5 Rad8 23. Rb1 Qa7 24. Rfe1 Rb8 25. Bf4 Rxb1 26. Nxb1 Rd8 27. Nc3 Re8
28. e5 dxe5 29. Bxe5 Bd6 30. Bxd6 Rxe2 31. Rxe2 Qd7 32. Be5 Bb7 33. Bg3 Qc6 34.
Kf1 Qxg2+ 35. Ke1 Qxh3 36. Bd6 Qd7 37. Bxc5 Qxd3 38. Nd1 Qb1 39. Be3 Qb4+ 40.
Bd2 Qh4 41. Ne3 Qh1+ 42. Nf1 Bg2 43. Kd1 Qxf1+ 44. Kc2 Qxe2 45. f3 Bxf3 46. Kc1
Qd1+ 47. Kb2 Be4 48. Bc3 Qc2+ 49. Ka3 Qxc3+ 50. Ka2 Bd5+ 51. Kb1 Qb3+ 52. Kc1
Qa2 53. Kd1 Bc4 54. Ke1 Qe2# 0-1

[Event "Junior Online 4NCL Division 5"]
[Site "online"]
[Date "2020.04.16"]
[Round "1.138"]
[White "Doddi, Sammy"]
[Black "Pickett, George"]
[Result "1-0"]
[WhiteElo "1070"]
[BlackElo "775"]
[PlyCount "81"]
[EventDate "2020.04.16"]
[WhiteTeam "St John's College B"]
[BlackTeam "Manchester Juniors C"]

1. d4 g6 2. e4 Bg7 3. Nf3 Nf6 4. Nc3 O-O 5. Bc4 d6 6. d5 Bg4 7. Be2 c6 8. h3
Bxf3 9. Bxf3 cxd5 10. exd5 Qb6 11. O-O Nh5 12. b3 Nf4 13. Bxf4 Nd7 14. Qd2 Nf6
15. Be3 Qc7 16. Bg5 h6 17. Bxf6 Bxf6 18. Nb5 Qb6 19. Nc3 Be5 20. Rae1 Qd8 21.
Be2 e6 22. f4 Bf6 23. dxe6 fxe6 24. Ne4 Bh4 25. g3 Qb6+ 26. Kh1 Be7 27. Bc4 Qc6
28. Bxe6+ Kh7 29. Qg2 Qa6 30. Qe2 Qc6 31. Qg2 Qa6 32. Nd2 Qxa2 33. Nf3 Rf6 34.
Nd4 Bd8 35. b4 Qa4 36. Qxb7+ Kh8 37. Qxa8 Kg7 38. Qxd8 Rf8 39. Qe7+ Kh8 40.
Qxf8+ Kh7 41. Qg8# 1-0

[Event "Junior Online 4NCL Division 5"]
[Site "online"]
[Date "2020.04.16"]
[Round "1.141"]
[White "Das, Anish"]
[Black "Krajci, Patrik"]
[Result "1/2-1/2"]
[WhiteElo "887"]
[BlackElo "1255"]
[PlyCount "26"]
[EventDate "2020.04.16"]
[WhiteTeam "Blue Foxes 1"]
[BlackTeam "SASCA Sharks"]

1. e4 e5 2. Nf3 Nc6 3. Bc4 h6 4. O-O Nf6 5. d3 Bc5 6. Nc3 d6 7. Bd5 Nxd5 8.
exd5 Nd4 9. Nxd4 Bxd4 10. Be3 Bxc3 11. bxc3 O-O 12. c4 Bf5 13. g4 Bd7 1/2-1/2

[Event "Junior Online 4NCL Division 5"]
[Site "online"]
[Date "2020.04.16"]
[Round "1.142"]
[White "Atkinson, Matthew"]
[Black "Kula, Michal"]
[Result "1-0"]
[WhiteElo "1247"]
[BlackElo "850"]
[PlyCount "59"]
[EventDate "2020.04.16"]
[WhiteTeam "SASCA Sharks"]
[BlackTeam "Blue Foxes 1"]

1. e4 e5 2. Nf3 Nc6 3. Bc4 f6 4. O-O Na5 5. Bd5 c6 6. Bxg8 Rxg8 7. Nc3 b5 8. d3
d5 9. exd5 cxd5 10. Nxb5 Rb8 11. Nxa7 Qc7 12. d4 Qxa7 13. dxe5 fxe5 14. Nxe5
Bd6 15. Re1 Qe7 16. Bg5 Qxg5 17. Nf3+ Qe7 18. Rxe7+ Bxe7 19. Qxd5 Nb7 20. Qe5
Nd6 21. Qh5+ g6 22. Qxh7 Rf8 23. Qxg6+ Nf7 24. Ne5 Ba6 25. b3 Bb7 26. g3 Rd8
27. h4 Rd6 28. Qh5 Rh6 29. Qf5 Rf6 30. Qd7# 1-0

[Event "Junior Online 4NCL Division 5"]
[Site "online"]
[Date "2020.04.16"]
[Round "1.143"]
[White "Das, Aman"]
[Black "Harper, Luke"]
[Result "0-1"]
[WhiteElo "850"]
[BlackElo "1075"]
[PlyCount "46"]
[EventDate "2020.04.16"]
[WhiteTeam "Blue Foxes 1"]
[BlackTeam "SASCA Sharks"]

1. e3 e5 2. Qf3 Nf6 3. Nc3 d5 4. Bd3 c6 5. Qd1 Bb4 6. a3 Bxc3 7. bxc3 Be6 8.
Nf3 Nbd7 9. O-O O-O 10. c4 e4 11. Qe2 exd3 12. Qxd3 Nc5 13. Qc3 Nce4 14. Qb4
Qd7 15. Bb2 Rac8 16. d3 Nd6 17. Be5 c5 18. Qc3 Qe7 19. cxd5 Bxd5 20. Bxf6 Qxf6
21. Qe1 Bxf3 22. d4 Qg6 23. dxc5 Qxg2# 0-1